Introductory combinatorics

Enregistré dans:
Détails bibliographiques
Auteur principal: Brualdi, Richard A (Auteur)
Format: Livre
Langue:anglais
Publié: Nueva York North Holland 1977
Sujets:
Tags: Ajouter un tag
Pas de tags, Soyez le premier à ajouter un tag!

MARC

LEADER 00000nam a2200000 a 4500
001 UCW1019
003 CL-VaPUC
008 900906e19770000US |||||||||||||||||eng|d
082 0 4 |a 511.6  |b BRU  |2 21 
100 0 |a Brualdi, Richard A  |e author  |9 304942 
245 1 0 |a Introductory combinatorics 
300 |a 374 p 
942 |c BK 
945 |d 19900906 00:00:00 
260 |a Nueva York  |b North Holland  |c 1977 
650 0 |a Análisis combinatorio   |9 269849 
583 |a last modification  |c 20171004 12:17:37  |k Rodrigo Vera 
999 |c 216004  |d 216002